000 00669cam a22002293a 4500
001 6714
003 PGUSA
005 20140828083136.0
008 041001s2004||||xxu|||||s|||||000 1 eng d
040 _aPGUSA
_beng
042 _adc
050 4 _aPS
100 1 _aRockwood, Roy
245 1 0 _aDave Dashaway and His Hydroplane; Or, Daring Adventures over the Great Lake
_h[electronic resource] /
_cRoy Rockwood
260 _bProject Gutenberg,
_c2004
506 _aPublic domain in the USA.
516 _aElectronic text
653 _aScience fiction, American
830 0 _aProject Gutenberg
_v6714
856 4 0 _uhttp://www.gutenberg.org/ebooks/6714
942 _cEB
999 _c236034
_d236034